| 000 | 00000nam##2200000za#4500 |
| 001 | 9.517039 |
| 003 | CaOODSP |
| 005 | 20220405154828 |
| 007 | ta |
| 008 | 150406|1991||||xxc||||| f|0| 0 fre|d |
| 022 | |a0226-4587 |
| 040 | |aCaOODSP|bfre |
| 041 | |aeng |
| 041 | |afre |
| 043 | |an-cn--- |
| 086 | 1 |aP29-157-002-1-1991 |
| 110 | 2 |aOffice des normes générales du Canada. |
| 245 | 10|aMesure de débit des liquides dans les canaux découverts: méthodes d'exploration du champ des vitesses / |cPréparé par l'Organisation internationale de normalisation. |
| 260 | |aOttawa - Ontario : |bOffice des normes générales du Canada |cjuin 1991. |
| 300 | |aTexte français, 24p. : |bfigures, tableaux ; |c28 cm. |
| 490 | 1 |aNorme nationale du Canada|x0226-4587 |vCAN/CGSB-157.2-M91 |
| 500 | |aISO 748:1979. |
| 546 | |aBilingue |
| 563 | |aCouverture souple |
| 590 | |a91-33|b1991-08-16 |
| 791 | |tLiquid flow measurement in open channels: velocity-area methods / |eeng|w(CaOODSP)9.517038 |
| 830 | #0|aNorme nationale du Canada,|x0226-4587 |vCAN/CGSB-157.2-M91|w(CaOODSP)9.509559 |
| 986 | |aNorme nationale du Canada |